000 00580nam a22001817a 4500
005 20140908112052.0
010 _aENG-110756
020 _a9788183876513
_c295.00
035 _aEN-94288
037 _bDBAD/PUB
082 _a158.128
100 _aManchanda, Neera
245 _aMeditation for beginners :
_cby Neera Manchanda
_bthe search within /
260 _aNew Delhi
_bSerials Publications
_c2014
270 _a4830/24, Prahlad Street, Ansari Road, Darya Ganj
_bNew Delhi
_e110002
300 _axv,132p. :
_c22cm(Hb)
_bill.
942 _2ddc
_cEN
_h158.128
_mMAN
999 _c88338
_d88338